|
|
|
|
| LEADER |
01053cam a2200265 7i4500 |
| 001 |
0000063839 |
| 005 |
20211119090000.0 |
| 020 |
|
|
|a 9783319131801 (electronic book)
|
| 090 |
0 |
0 |
|a HD7261
|b .I62 2015
|
| 245 |
0 |
0 |
|a Integrated occupational safety and health management :
|b solutions and industrial cases
|c Seppo Vayrynen, Kari Hakkinen, Toivo Niskanen, editors.
|
| 264 |
|
|
|a Cham:
|b Springer,
|c 2015.
|
| 300 |
|
|
|a 1 online resource (xi, 306 pages):
|b colour illustrations, text file, PDF.
|
| 336 |
|
|
|a text
|2 rdacontent
|
| 337 |
|
|
|a computer
|2 rdamedia
|
| 338 |
|
|
|a online resource
|2 rdacarrier
|
| 650 |
|
0 |
|a Industrial hygiene
|
| 650 |
|
0 |
|a Industrial hygiene --
|x Management
|
| 655 |
|
0 |
|a Electronic books
|
| 700 |
1 |
|
|a Vayrynen, Seppo
|
| 700 |
1 |
|
|a Hakkinen, Kari
|
| 700 |
1 |
|
|a Niskanen, Toivo
|
| 856 |
4 |
2 |
|u http://library.unisel.edu.my/web/guest/mylibrary
|
| 997 |
|
|
|a Engineering & Life Sciences, Faculty
|b Science & Biotechnology, Department
|
| 998 |
|
|
|a Industrial Technology, Degree
|
| 999 |
|
|
|a EBO0008308
|b EBOOK
|c EBOOK
|e Electronic resources
|